Roman to Greek Gods Quiz Stats

 Plays Quiz Updated Mar 11, 2015

Also try: Greek Gods
Challenge
Share
Tweet
Embed
Score 0/16 Timer 04:00
9 Plays Today
Roman God/Goddess Greek God/Goddess % Correct
JupiterZeus
97.5%
JunoHera
87.8%
NeptunePoseidon
86.6%
VenusAphrodite
84.3%
MarsAres
83.5%
PlutoHades
82.1%
MercuryHermes
76.9%
MinervaAthena
76.3%
Roman God/Goddess Greek God/Goddess % Correct
DianaArtemis
66.2%
BacchusDionysus
63.7%
VulcanHephaestus
61.8%
CeresDemeter
53.3%
VestaHestia
49.7%
ProserpinaPersephone
47%
SaturnCronus
39%
CaelusUranus
14.7%

You're not logged in!

Compare scores with friends on all Sporcle quizzes.
OR
Log In

You Might Also Like...

Show Comments

Extras

Top Quizzes Today


Score Distribution

Your Account Isn't Verified!

In order to create a playlist on Sporcle, you need to verify the email address you used during registration. Go to your Sporcle Settings to finish the process.

Report this User

Report this user for behavior that violates our Community Guidelines.

Details: